Greek Gods - Male or Female? Quiz Stats

 Plays Quiz Updated Oct 28, 2017

Score 0/30 Timer 07:00
2 Plays Today
Name Male (M) or Female (F) % Correct
Apollo???
95.6%
Aphrodite???
94.1%
Athena???
93.6%
Ares???
93.1%
Chronos???
92.9%
Hades???
92.3%
Poseidon???
91.4%
Zeus???
91.4%
Hermes???
91.4%
Morpheus???
89.3%
Hera???
89.2%
Uranus???
88.6%
Rhea???
87.9%
Pan???
86.8%
Dionysus???
86.7%
Name Male (M) or Female (F) % Correct
Eros???
86.7%
Hypnos???
82.5%
Hephaestus???
80.9%
Circe???
79.9%
Cybele???
78.7%
Artemis???
77.1%
Zephyrus???
71.8%
Demeter???
70.4%
Chione???
68.1%
Hecate???
67.6%
Mania???
65.6%
Nyx???
62.3%
Eris???
62.1%
Nemesis???
48.8%
Ceto???
48.3%

You're not logged in!

Compare scores with friends on all Sporcle quizzes.
OR
Log In

Show Comments

Extras

Top Quizzes Today


Score Distribution

Your Account Isn't Verified!

In order to create a playlist on Sporcle, you need to verify the email address you used during registration. Go to your Sporcle Settings to finish the process.

Report this User

Report this user for behavior that violates our Community Guidelines.

Details: